World Capitals by Map - Statistics

General Stats
  • This quiz has been taken 44 times
  • The average score is 119 of 196
Answers on the Map
Answers color-coded by a green-red scale on the quiz's map according to % correct below.
 
Answer Stats
Country Capital % Correct
Greece Athens
95%
Netherlands Amsterdam
90%
Germany Berlin
90%
Egypt Cairo
90%
Ireland Dublin
90%
United Kingdom London
90%
South Africa Pretoria, Cape Town, or Bloemfontein
90%
China Beijing
85%
Brazil Brasília
85%
Belgium Brussels
85%
Argentina Buenos Aires
85%
Ukraine Kyiv
85%
Peru Lima
85%
Spain Madrid
85%
Mexico Mexico City
85%
Norway Oslo
85%
France Paris
85%
Italy Rome
85%
Vatican City Vatican City
85%
United States Washington D.C.
85%
Andorra Andorra la Vella
80%
Russia Moscow
80%
Canada Ottawa
80%
Panama Panama City
80%
San Marino San Marino
80%
Turkey Ankara
75%
Iraq Baghdad
75%
Azerbaijan Baku
75%
Thailand Bangkok
75%
Colombia Bogotá
75%
Denmark Copenhagen
75%
Guatemala Guatemala City
75%
Finland Helsinki
75%
Jamaica Kingston
75%
Saint Vincent and the Grenadines Kingstown
75%
Portugal Lisbon
75%
Luxembourg Luxembourg
75%
Belarus Minsk
75%
India New Delhi
75%
Iceland Reykjavík
75%
Poland Warsaw
75%
Algeria Algiers
70%
Switzerland Bern
70%
Romania Bucharest
70%
Hungary Budapest
70%
Cuba Havana
70%
Afghanistan Kabul
70%
Monaco Monaco
70%
Bahamas Nassau
70%
Chile Santiago
70%
Dominican Republic Santo Domingo
70%
South Korea Seoul
70%
Bulgaria Sofia
70%
Sweden Stockholm
70%
Iran Tehran
70%
Japan Tokyo
70%
Tunisia Tunis
70%
Austria Vienna
70%
United Arab Emirates Abu Dhabi
65%
Turkmenistan Ashgabat
65%
Serbia Belgrade
65%
Belize Belmopan
65%
Kyrgyzstan Bishkek
65%
Republic of the Congo Brazzaville
65%
Barbados Bridgetown
65%
Australia Canberra
65%
Indonesia Jakarta
65%
Israel Jerusalem
65%
Kuwait Kuwait City
65%
Uruguay Montevideo
65%
Haiti Port-au-Prince
65%
Czech Republic Prague
65%
Latvia Riga
65%
Costa Rica San José
65%
Ethiopia Addis Ababa
60%
Madagascar Antananarivo
60%
Kazakhstan Astana
60%
Paraguay Asunción
60%
Slovakia Bratislava
60%
Moldova Chișinău
60%
Senegal Dakar
60%
Bangladesh Dhaka
60%
Djibouti Djibouti
60%
Qatar Doha
60%
Guyana Georgetown
60%
Vietnam Hanoi
60%
Pakistan Islamabad
60%
Nepal Kathmandu
60%
Bolivia La Paz or Sucre
60%
Philippines Manila
60%
Kenya Nairobi
60%
Suriname Paramaribo
60%
Trinidad and Tobago Port-of-Spain
60%
North Korea Pyongyang
60%
Ecuador Quito
60%
Saudi Arabia Riyadh
60%
Antigua and Barbuda Saint John's
60%
El Salvador San Salvador
60%
São Tomé and Príncipe São Tomé
60%
Bosnia and Herzegovina Sarajevo
60%
Singapore Singapore
60%
North Macedonia Skopje
60%
Estonia Tallinn
60%
Georgia Tbilisi
60%
Albania Tirana
60%
Liechtenstein Vaduz
60%
Croatia Zagreb
60%
Nigeria Abuja
55%
Ghana Accra
55%
Brunei Bandar Seri Begawan
55%
Saint Kitts and Nevis Basseterre
55%
Lebanon Beirut
55%
Guinea-Bissau Bissau
55%
Venezuela Caracas
55%
Saint Lucia Castries
55%
Syria Damascus
55%
East Timor Dili
55%
Tajikistan Dushanbe
55%
Zimbabwe Harare
55%
Democratic Republic of the Congo Kinshasa
55%
Malaysia Kuala Lumpur
55%
Maldives Malé
55%
Nicaragua Managua
55%
Cyprus Nicosia
55%
Burkina Faso Ouagadougou
55%
Montenegro Podgorica
55%
Kosovo Pristina
55%
Morocco Rabat
55%
Grenada Saint George's
55%
Yemen Sana'a
55%
Taiwan Taipei
55%
Uzbekistan Tashkent
55%
Honduras Tegucigalpa
55%
Bhutan Thimphu
55%
Mongolia Ulaanbaatar
55%
Malta Valletta
55%
New Zealand Wellington
55%
Namibia Windhoek
55%
Armenia Yerevan
55%
Jordan Amman
50%
Gambia Banjul
50%
Guinea Conakry
50%
Tanzania Dodoma
50%
Sierra Leone Freetown
50%
Botswana Gaborone
50%
Rwanda Kigali
50%
Gabon Libreville
50%
Slovenia Ljubljana
50%
Togo Lomé
50%
Bahrain Manama
50%
Somalia Mogadishu
50%
Liberia Monrovia
50%
Oman Muscat
50%
Cambodia Phnom Penh
50%
Mauritius Port Louis
50%
Papua New Guinea Port Moresby
50%
Vanuatu Port Vila
50%
Cape Verde Praia
50%
Dominica Roseau
50%
Sri Lanka Sri Jayawardenapura Kotte
50%
Libya Tripoli
50%
Seychelles Victoria
50%
Lithuania Vilnius
50%
Cameroon Yaoundé
50%
Eritrea Asmara
45%
Mali Bamako
45%
Central African Republic Bangui
45%
South Sudan Juba
45%
Uganda Kampala
45%
Sudan Khartoum
45%
Malawi Lilongwe
45%
Angola Luanda
45%
Zambia Lusaka
45%
Equatorial Guinea Malabo
45%
Eswatini Mbabane
45%
Myanmar Naypyidaw
45%
Chad N'Djamena
45%
Niger Niamey
45%
Benin Porto-Novo or Cotonou
45%
Laos Vientiane
45%
Ivory Coast Yamoussoukro
45%
Samoa Apia
40%
Burundi Gitega
40%
Mozambique Maputo
40%
Mauritania Nouakchott
40%
Tonga Nukuʻalofa
40%
Fiji Suva
40%
Solomon Islands Honiara
35%
Marshall Islands Majuro
35%
Lesotho Maseru
35%
Comoros Moroni
35%
Palau Ngerulmud
35%
Kiribati South Tarawa
35%
Nauru Yaren
35%
Tuvalu Funafuti
30%
Federated States of Micronesia Palikir
30%
No matching quizzes found
Score Distribution
Percent of People with Each Score
Percentile by Number Answered
Your Score History
You have not taken this quiz